Statistics for Quarterback Career Path #2

Click here to take the quiz!

General Stats

  • This quiz has been taken 14 times
  • The average score is 11 of 15

Answer Stats

Career PathAnswer% Correct
Fresno State, Raiders, SaintsDerek Carr
100%
Ohio State, LSU, BengalsJoe Burrow
100%
Michigan, Patriots, BucsTom Brady
100%
Florida State, Bucs, SaintsJameis Winston
91%
Texas Tech, ChiefsPatrick Mahomes
91%
Louisville, Vikings, Saints, Panthers, Broncos, Dolphins, LionsTeddy Bridgewater
91%
West Virginia, Jets, Giants, Chargers, SeahawksGeno Smith
82%
Vanderbilt, Broncos, Bears, DolphinsJay Cutler
82%
UCF, Jaguars, Rams, Broncos, Rams, Packers, SaintsBlake Bortles
73%
Michigan, Dolphins, Jaguars, ChiefsChad Henne
55%
Texas, Browns, 49ers, Washington, Giants, CardinalsColt McCoy
55%
Michigan State, Arizona, Eagles, Rams, Chiefs, Eagles, Jaguars, Bears, ColtsNick Foles
55%
Virginia Tech, Ravens, Bills, Browns, Chargers, Texans, GiantsTyrod Taylor
55%
Louisville, Colts, ChargersJohnny Unitas
36%
Southwestern Louisiana, Saints, Admirals, Galaxy, Panthers, Browns, TexansJake Delhomme
18%

Score Distribution

Percentile by Number Answered

Percent of People with Each Score

Your Score History

You have not taken this quiz